Los iluminados

I tiakina i:
Ngā taipitopito rārangi puna kōrero
Kaituhi matua: Cadena Rubio, Agustín (Author)
Hōputu: Pukapuka
Reo:Pāniora
I whakaputaina: Ciudad de México Progreso 2009
Putanga:1a. ed
Rangatū:Colección Rehilete
Ngā marau:
Ngā Tūtohu: Tāpirihia he Tūtohu
Kāore He Tūtohu, Me noho koe te mea tuatahi ki te tūtohu i tēnei pūkete!

MARC

LEADER 00000cam a2200000 a 4500
001 UCD2100
003 CL-VaPUC
008 160414e20090000mx |||||||||||||||||spa|d
020 |a 9786074561845 
082 0 4 |a Me863  |b CAD  |2 21 
100 0 |a Cadena Rubio, Agustín  |e author  |9 585349 
245 1 4 |a Los iluminados 
250 |a 1a. ed 
300 |a 179 p 
942 |c BK 
945 |d 20160414 22:19:00  |a cmena 
260 |a Ciudad de México  |b Progreso  |c 2009 
650 0 |a Novelas mexicanas  |9 317570 
650 0 |a Literatura mexicana  |9 313097 
650 0 |a Literatura juvenil   |9 309909 
583 |a last modification  |c 20160414 22:19:00  |k Rodrigo Vera 
490 0 |a Colección Rehilete 
999 |c 363295  |d 363293